[Event "Polanica Zdroj op-A 58th"]
[Site "Polanica Zdroj"]
[Date "2022.08.18"]
[Round "6"]
[White "Sliwerski, Radoslaw"]
[Black "Skrzyczek, Tomasz"]
[Result "1-0"]
[WhiteElo "1951"]
[BlackElo "1909"]
[PlyCount "89"]
[EventDate "2022.08.13"]
[EventType "swiss"]
[EventRounds "9"]
[EventCountry "POL"]
[SourceTitle "CBM 210 Extra"]
[Source "ChessBase"]
[SourceDate "2022.11.30"]
[SourceVersion "1"]
[SourceVersionDate "2022.11.30"]
[SourceQuality "1"]

1. d4 Nf6 2. c4 c5 3. d5 b5 4. Qc2 b4 5. e4 d6 6. h3 g6 7. Bg5 Bg7 8. Nd2 0-0 9. Ngf3 h6 10. Be3 a5 11. Bd3 Qc7 12. 0-0 e5 13. dxe6 Bxe6 14. Rfe1 Nc6 15. Bf4 Nh5 16. Bh2 Be5 17. Nf1 a4 18. Bxe5 dxe5 19. Ne3 Nf4 20. Qd2 Rad8 21. Nd5 Qd6 22. Bf1 Kg7 23. Rad1 Qb8 24. Qe3 Nd4 25. Nxd4 cxd4 26. Qd2 Bxd5 27. exd5 Rfe8 28. g3 Nh5 29. Bg2 Qd6 30. Qc2 Qc5 31. Rc1 Ra8 32. Qd3 a3 33. b3 f5 34. Rcd1 Kh7 35. Kh2 f4 36. Be4 Ra6 37. g4 Ng7 38. h4 Qe7 39. Kh3 h5 40. gxh5 Nxh5 41. Rg1 f3 42. Bxg6+ Kh6 43. Bxh5 Kxh5 44. Qxf3+ Kh6 45. Rg5 1-0

[Event "Wroclaw Anderssen Memorial"]
[Site "Wroclaw"]
[Date "2022.07.30"]
[Round "5"]
[White "Czyz, Andrzej"]
[Black "Skrzyczek, Tomasz"]
[Result "1-0"]
[WhiteElo "1853"]
[BlackElo "1909"]
[PlyCount "112"]
[EventDate "2022.07.30"]
[EventType "swiss (rapid)"]
[EventRounds "9"]
[EventCountry "POL"]
[SourceTitle "CBM 209 Extra"]
[Source "ChessBase"]
[SourceDate "2022.09.30"]
[SourceVersion "1"]
[SourceVersionDate "2022.09.30"]
[SourceQuality "1"]

1. e4 c5 2. c3 Nf6 3. e5 Nd5 4. d4 cxd4 5. cxd4 d6 6. exd6 e6 7. Nc3 Bxd6 8. Nxd5 exd5 9. Bb5+ Bd7 10. Qe2+ Kf8 11. Bd2 Nc6 12. Bxc6 Bxc6 13. Nf3 Qb6 14. 0-0-0 Ba4 15. Rde1 a5 16. Bc3 Bb5 17. Qd2 Qc7 18. Kb1 Bf4 19. Qc2 g6 20. g3 Bd6 21. h4 h5 22. Ne5 Kg7 23. f4 f5 24. g4 hxg4 25. h5 Bxe5 26. dxe5 d4 27. Bxd4 Qxc2+ 28. Kxc2 Rxh5 29. e6+ Kg8 30. Rxh5 gxh5 31. Rh1 Re8 32. Rxh5 Rxe6 33. Rxf5 Be2 34. Rxa5 Kf7 35. Rg5 Bf3 36. Be5 Rc6+ 37. Kd3 Ke6 38. a3 Rc8 39. Rg7 Rd8+ 40. Ke3 Rd1 41. Bc3 Rh1 42. Rg6+ Kd5 43. Rg5+ Ke6 44. Re5+ Kd6 45. f5 Rh7 46. f6 Rc7 47. Re8 Rf7 48. Kf4 Rh7 49. Rg8 Rf7 50. Rg7 Ke6 51. Rg8 Rc7 52. Re8+ Kf7 53. Rh8 Rc4+ 54. Kg3 Bc6 55. Rh7+ Kf8 56. Bb4+ Kg8 1-0

[Event "Wroclaw Anderssen Memorial"]
[Site "Wroclaw"]
[Date "2022.07.30"]
[Round "9"]
[White "Szedny, Boguslaw"]
[Black "Skrzyczek, Tomasz"]
[Result "0-1"]
[WhiteElo "1307"]
[BlackElo "1909"]
[PlyCount "96"]
[EventDate "2022.07.30"]
[EventType "swiss (rapid)"]
[EventRounds "9"]
[EventCountry "POL"]
[SourceTitle "CBM 209 Extra"]
[Source "ChessBase"]
[SourceDate "2022.09.30"]
[SourceVersion "1"]
[SourceVersionDate "2022.09.30"]
[SourceQuality "1"]

1. e4 c5 2. Nf3 Nc6 3. d4 cxd4 4. Nxd4 g6 5. Be3 Bg7 6. Nc3 Nf6 7. Qd2 0-0 8. f3 d5 9. exd5 Nxd5 10. Nxc6 bxc6 11. Bd4 e5 12. Bc5 Re8 13. Nxd5 cxd5 14. Bb5 Bd7 15. Bxd7 Qxd7 16. 0-0 d4 17. c3 Qd5 18. b4 Red8 19. Rad1 f5 20. f4 Bh6 21. g3 a5 22. cxd4 axb4 23. Qxb4 Rxa2 24. Rf2 Rxf2 25. Kxf2 exf4 26. Re1 Ra8 27. Re2 fxg3+ 28. hxg3 f4 29. g4 f3 30. Rb2 Re8 31. Be7 Qe4 32. g5 Bg7 33. Bf6 Qe3+ 34. Kg3 f2+ 35. Kg2 Bxf6 36. Qb3+ Qxb3 37. Rxb3 Bxd4 38. Rd3 Ba7 39. Rd7 Be3 40. Rd3 Rf8 41. Kf1 Bxg5 42. Rd7 Rf7 43. Rd5 h6 44. Rb5 Kg7 45. Rd5 Bh4 46. Rb5 g5 47. Rb6 Re7 48. Rb1 Re1+ 0-1

[Event "Wroclaw Anderssen Memorial"]
[Site "Wroclaw"]
[Date "2021.07.31"]
[Round "8"]
[White "Grot, Blazej"]
[Black "Skrzyczek, Tomasz"]
[Result "1/2-1/2"]
[WhiteElo "1786"]
[BlackElo "1889"]
[PlyCount "110"]
[EventDate "2021.07.31"]
[EventType "swiss (rapid)"]
[EventRounds "9"]
[EventCountry "POL"]
[SourceTitle "CBM 203 Extra"]
[Source "ChessBase"]
[SourceDate "2021.09.30"]
[SourceVersion "1"]
[SourceVersionDate "2021.09.30"]
[SourceQuality "1"]

1. e4 c5 2. Nf3 Nc6 3. d4 cxd4 4. Nxd4 g6 5. c4 Nf6 6. Nc3 d6 7. Be2 Nxd4 8. Qxd4 Bg7 9. Be3 0-0 10. Qd3 a5 11. 0-0 Nd7 12. Bd4 Nc5 13. Qe3 Bxd4 14. Qxd4 Bd7 15. f4 Bc6 16. Kh1 Qb6 17. b3 Nd7 18. Qd2 Rad8 19. f5 Qc5 20. Rf4 Qe5 21. Raf1 Nc5 22. Rh4 Qg7 23. Qg5 f6 24. Qe3 g5 25. Rg4 Nd7 26. h4 h6 27. c5 Ne5 28. Rg3 dxc5 29. Qxc5 Rd2 30. Bc4+ Nxc4 31. Qxc4+ Qf7 32. Qc5 Rfd8 33. e5 R8d3 34. Rxd3 Rxd3 35. exf6 exf6 36. Re1 Rd7 37. Ne4 Kg7 38. Nd6 Qh5 39. Ne8+ Kf7 40. Qc4+ Bd5 41. Qc3 Qxh4+ 42. Kg1 g4 43. Nd6+ Rxd6 44. Qc7+ Kf8 45. Qxd6+ Kg7 46. Re7+ Bf7 47. Qc7 Qh5 48. Qxb7 g3 49. Qf3 Qh2+ 50. Kf1 Qh1+ 51. Ke2 Kf8 52. Ra7 Bh5 53. Ra8+ Kg7 54. Ra7+ Kf8 55. Ra8+ Kg7 1/2-1/2

[Event "Wroclaw Anderssen Memorial"]
[Site "Wroclaw"]
[Date "2021.07.31"]
[Round "7"]
[White "Skrzyczek, Tomasz"]
[Black "Ilnicki, Tomasz"]
[Result "1-0"]
[WhiteElo "1889"]
[BlackElo "1607"]
[PlyCount "75"]
[EventDate "2021.07.31"]
[EventType "swiss (rapid)"]
[EventRounds "9"]
[EventCountry "POL"]
[SourceTitle "CBM 203 Extra"]
[Source "ChessBase"]
[SourceDate "2021.09.30"]
[SourceVersion "1"]
[SourceVersionDate "2021.09.30"]
[SourceQuality "1"]

1. e4 Nc6 2. Nf3 f5 3. exf5 d5 4. Bb5 d4 5. 0-0 Bxf5 6. Re1 Nf6 7. Ne5 Qd5 8. c4 Qc5 9. b4 Qd6 10. c5 Qd5 11. Bc4 Qxe5 12. Rxe5 Nxe5 13. Bf1 g6 14. Bb2 Rd8 15. Qa4+ c6 16. Qxa7 Rd7 17. Qb8+ Kf7 18. Qxe5 Bg7 19. Bc4+ e6 20. Qe1 Re8 21. h3 Nd5 22. a3 e5 23. g4 Be6 24. d3 Kf8 25. Nd2 Nf4 26. Kh2 Bxc4 27. Nxc4 Nxd3 28. Qe4 Nf4 29. Nd6 Re6 30. Re1 Ke7 31. Bc1 Nd5 32. Bg5+ Kf8 33. Qf3+ Kg8 34. Qe4 Re8 35. f4 Rf8 36. fxe5 Rf2+ 37. Kg1 Rf8 38. e6 1-0

[Event "Opole Termika Rapid op"]
[Site "Opole"]
[Date "2021.07.17"]
[Round "8"]
[White "Skrzyczek, Tomasz"]
[Black "Barski, Radoslaw"]
[Result "0-1"]
[WhiteElo "1889"]
[BlackElo "2441"]
[PlyCount "54"]
[EventDate "2021.07.17"]
[EventType "swiss (rapid)"]
[EventRounds "9"]
[EventCountry "POL"]
[SourceTitle "CBM 203 Extra"]
[Source "ChessBase"]
[SourceDate "2021.09.30"]
[SourceVersion "1"]
[SourceVersionDate "2021.09.30"]
[SourceQuality "1"]

1. e4 e5 2. Nf3 Nc6 3. d4 exd4 4. Nxd4 Bb4+ 5. c3 Bc5 6. Be3 Bb6 7. Nxc6 bxc6 8. Qd2 Nf6 9. f3 0-0 10. Be2 d5 11. e5 Nd7 12. f4 Nc5 13. 0-0 f6 14. exf6 Qxf6 15. Bf3 Bf5 16. b4 Ne4 17. Bxe4 dxe4 18. a4 Rad8 19. Qf2 Rd3 20. Re1 Rfd8 21. Bxb6 cxb6 22. a5 Qe6 23. axb6 e3 24. Qh4 axb6 25. Ra7 Rd1 26. Na3 Rxe1+ 27. Qxe1 Bg4 0-1

[Event "Chorzow Bak Memorial op"]
[Site "Chorzow"]
[Date "2010.11.18"]
[Round "8"]
[White "Liszek, Krzysztof"]
[Black "Skrzyczek, Tomasz"]
[Result "1-0"]
[WhiteElo "2033"]
[BlackElo "1973"]
[PlyCount "67"]
[EventDate "2010.11.13"]
[EventType "swiss"]
[EventRounds "9"]
[EventCountry "POL"]
[SourceTitle "EXT 2012"]
[Source "ChessBase"]
[SourceDate "2011.11.24"]
[SourceVersion "1"]
[SourceVersionDate "2011.11.24"]
[SourceQuality "1"]

1. d4 Nf6 2. Nf3 g6 3. c4 Bg7 4. Nc3 0-0 5. e4 d6 6. Be2 Na6 7. 0-0 e5 8. dxe5 dxe5 9. Qxd8 Rxd8 10. Bg5 h6 11. Bh4 Bg4 12. Rfd1 c6 13. h3 Bxf3 14. Bxf3 Nc5 15. Bg3 Nh7 16. Be2 Ne6 17. Rxd8+ Rxd8 18. Rd1 Nd4 19. Kf1 Nf8 20. Bd3 f5 21. f3 f4 22. Bf2 Nfe6 23. b4 Bf8 24. c5 b6 25. Bc4 Kg7 26. Bxe6 Nxe6 27. Rxd8 Nxd8 28. cxb6 axb6 29. Bxb6 Bxb4 30. Bxd8 Bxc3 31. a4 Kf7 32. a5 Ke8 33. a6 Bd4 34. Bc7 1-0

[Event "Chorzow Bak Memorial op"]
[Site "Chorzow"]
[Date "2010.11.17"]
[Round "7"]
[White "Skrzyczek, Tomasz"]
[Black "Matuszczyk, Krystian"]
[Result "0-1"]
[WhiteElo "1973"]
[BlackElo "2049"]
[PlyCount "82"]
[EventDate "2010.11.13"]
[EventType "swiss"]
[EventRounds "9"]
[EventCountry "POL"]
[SourceTitle "EXT 2012"]
[Source "ChessBase"]
[SourceDate "2011.11.24"]
[SourceVersion "1"]
[SourceVersionDate "2011.11.24"]
[SourceQuality "1"]

1. e4 c5 2. Nc3 e6 3. f4 a6 4. Nf3 Nc6 5. g3 d6 6. Bg2 Qc7 7. d3 g6 8. d4 cxd4 9. Nxd4 Bg7 10. Be3 Nge7 11. 0-0 0-0 12. Qd2 b5 13. Rad1 Na5 14. Qf2 Nc4 15. Bc1 Bb7 16. g4 b4 17. Na4 e5 18. fxe5 Nxe5 19. Qh4 N7c6 20. Ne2 Nd8 21. Rd2 Nc4 22. Rd3 f6 23. Rh3 Bh8 24. b3 Ne5 25. Be3 Ne6 26. Nb6 Rae8 27. c4 Ng5 28. Rg3 Nxe4 29. Rh3 Ng5 30. Rg3 Bxg2 31. Kxg2 Ne4 32. Rh3 Ng5 33. Nd5 Qb7 34. Bxg5 fxg5 35. Rxf8+ Rxf8 36. Qxg5 Bf6 37. Qf4 Bd8 38. Qe4 Qf7 39. Re3 Qf1+ 40. Kg3 Qf2+ 41. Kh3 Qh4+ 0-1

[Event "Chorzow Bak Memorial op"]
[Site "Chorzow"]
[Date "2010.11.14"]
[Round "4"]
[White "Solek, Zenon"]
[Black "Skrzyczek, Tomasz"]
[Result "0-1"]
[WhiteElo "1851"]
[BlackElo "1973"]
[PlyCount "44"]
[EventDate "2010.11.13"]
[EventType "swiss"]
[EventRounds "9"]
[EventCountry "POL"]
[SourceTitle "EXT 2012"]
[Source "ChessBase"]
[SourceDate "2011.11.24"]
[SourceVersion "1"]
[SourceVersionDate "2011.11.24"]
[SourceQuality "1"]

1. e4 c5 2. Nf3 g6 3. d4 cxd4 4. Nxd4 Bg7 5. c4 Nc6 6. Nc2 Nf6 7. Nc3 0-0 8. Be2 d6 9. 0-0 Bd7 10. Rb1 a6 11. Be3 Rb8 12. h3 b5 13. a3 Ne5 14. c5 dxc5 15. Bxc5 Rc8 16. Bd4 Nc6 17. Bc5 Ne5 18. b4 Rxc5 19. bxc5 Qc7 20. Qd4 Nfg4 21. Nd5 Nf3+ 22. Bxf3 Qh2# 0-1

[Event "Chorzow Bak Memorial op"]
[Site "Chorzow"]
[Date "2010.11.13"]
[Round "2"]
[White "Krzempek, Krystian"]
[Black "Skrzyczek, Tomasz"]
[Result "1/2-1/2"]
[WhiteElo "1846"]
[BlackElo "1973"]
[PlyCount "91"]
[EventDate "2010.11.13"]
[EventType "swiss"]
[EventRounds "9"]
[EventCountry "POL"]
[SourceTitle "EXT 2012"]
[Source "ChessBase"]
[SourceDate "2011.11.24"]
[SourceVersion "1"]
[SourceVersionDate "2011.11.24"]
[SourceQuality "1"]

1. d4 Nf6 2. Bg5 d5 3. Bxf6 exf6 4. e3 Bd6 5. Bd3 0-0 6. c3 Re8 7. Qh5 g6 8. Qxd5 Nc6 9. Qb3 f5 10. Ne2 Qg5 11. g3 Be6 12. Qc2 Bd5 13. Rg1 Be4 14. Bxe4 Rxe4 15. Nd2 Ree8 16. 0-0-0 b5 17. h4 Qh5 18. Rde1 Na5 19. Qd3 a6 20. Nf4 Qh6 21. Nd5 Qg7 22. e4 c6 23. Nf4 Bxf4 24. gxf4 fxe4 25. Rxe4 f5 26. Re5 Qf7 27. Kb1 Kh8 28. Rge1 Nb7 29. Nf3 Nd6 30. Ng5 Qd7 31. Qe3 h6 32. Nf3 Kg7 33. Re7+ Rxe7 34. Qxe7+ Qxe7 35. Rxe7+ Kf6 36. Rc7 Rc8 37. Rxc8 Nxc8 38. Ne5 Ne7 39. Kc2 Nd5 40. Nd3 a5 41. b3 g5 42. fxg5+ hxg5 43. hxg5+ Kxg5 44. c4 Ne7 45. cxb5 cxb5 46. Kd2 1/2-1/2

[Event "Chorzow Bak Memorial op"]
[Site "Chorzow"]
[Date "2010.11.13"]
[Round "1"]
[White "Skrzyczek, Tomasz"]
[Black "Mulet, Piotr"]
[Result "0-1"]
[WhiteElo "1973"]
[BlackElo "2313"]
[PlyCount "95"]
[EventDate "2010.11.13"]
[EventType "swiss"]
[EventRounds "9"]
[EventCountry "POL"]
[SourceTitle "EXT 2012"]
[Source "ChessBase"]
[SourceDate "2011.11.24"]
[SourceVersion "1"]
[SourceVersionDate "2011.11.24"]
[SourceQuality "1"]

1. Nf3 Nf6 2. g3 g6 3. Bg2 Bg7 4. 0-0 c5 5. d3 0-0 6. e4 d6 7. Nbd2 Nc6 8. c3 Qc7 9. Re1 Rb8 10. Nf1 Bd7 11. a4 a6 12. d4 cxd4 13. Nxd4 Bg4 14. f3 Bd7 15. Ne3 Rbc8 16. f4 Rfd8 17. g4 e5 18. Nxc6 Bxc6 19. Nd5 Nxd5 20. exd5 Bd7 21. Be3 Re8 22. a5 exf4 23. Bxf4 Qc5+ 24. Kh1 Rxe1+ 25. Qxe1 Re8 26. Qg3 Be5 27. h3 f6 28. Bxe5 Rxe5 29. b4 Qc4 30. Rf1 f5 31. gxf5 Bxf5 32. Re1 Be4 33. Bxe4 Rxe4 34. Rd1 Rh4 35. Qd3 Qg4 36. Kh2 Rh5 37. Rf1 Qg5 38. c4 Qe5+ 39. Kh1 Rg5 40. Qf3 Rf5 41. Qg2 Rg5 42. Qf3 Qe7 43. Qd3 Re5 44. Rf3 Re1+ 45. Rf1 Re3 46. Qd4 Rxh3+ 47. Kg2 Rh4 48. Rf4 0-1

[Event "Chorzow op 45th"]
[Site "Chorzow"]
[Date "2009.04.05"]
[Round "9"]
[White "Kawala, Maciej"]
[Black "Skrzyczek, Tomasz"]
[Result "1-0"]
[WhiteElo "1953"]
[BlackElo "2027"]
[PlyCount "75"]
[EventDate "2009.03.28"]
[EventType "swiss"]
[EventRounds "9"]
[EventCountry "POL"]
[SourceTitle "CBM 129 Extra"]
[Source "ChessBase"]
[SourceDate "2009.05.05"]
[SourceVersion "2"]
[SourceVersionDate "2009.05.20"]
[SourceQuality "1"]

1. e4 d5 2. exd5 Nf6 3. c4 c6 4. dxc6 Nxc6 5. Nf3 e5 6. d3 Bf5 7. Be2 Qd7 8. Qb3 0-0-0 9. 0-0 Bxd3 10. Bxd3 Qxd3 11. Qxd3 Rxd3 12. b3 Bc5 13. Bb2 Ng4 14. Nc3 f5 15. Na4 Bd6 16. h3 Nf6 17. Rad1 Rxd1 18. Rxd1 Rd8 19. Kf1 b6 20. Nh4 g6 21. Nf3 Bc7 22. Rxd8+ Kxd8 23. Nc3 a6 24. Bc1 e4 25. Bg5 exf3 26. Bxf6+ Kd7 27. gxf3 Be5 28. Nd5 Bxf6 29. Nxf6+ Kd6 30. Nxh7 Kc5 31. Nf8 Ne7 32. Nd7+ Kb4 33. Nxb6 Ka3 34. Nd7 Kxa2 35. b4 Kb3 36. b5 a5 37. Ne5 Nc8 38. c5 1-0

[Event "Chorzow op 45th"]
[Site "Chorzow"]
[Date "2009.03.30"]
[Round "3"]
[White "Skrzyczek, Tomasz"]
[Black "Kaczmarek, Aleksander"]
[Result "0-1"]
[WhiteElo "2027"]
[BlackElo "1886"]
[PlyCount "82"]
[EventDate "2009.03.28"]
[EventType "swiss"]
[EventRounds "9"]
[EventCountry "POL"]
[SourceTitle "CBM 129 Extra"]
[Source "ChessBase"]
[SourceDate "2009.05.05"]
[SourceVersion "2"]
[SourceVersionDate "2009.05.20"]
[SourceQuality "1"]

1. e4 e5 2. Nf3 Nc6 3. Bc4 Bc5 4. c3 Nf6 5. d3 d6 6. b4 Bb6 7. a4 a5 8. b5 Ne7 9. Qb3 0-0 10. 0-0 h6 11. Ba3 Ng6 12. Nbd2 Bg4 13. h3 Bxf3 14. Nxf3 Nh7 15. Bc1 Qe7 16. Be3 Kh8 17. Bd5 Rab8 18. Bxb6 cxb6 19. d4 Ng5 20. Qd1 f5 21. Nxg5 Qxg5 22. g3 h5 23. Kh2 f4 24. Ra2 Rf6 25. Rg1 Rbf8 26. g4 f3 27. gxh5 Qf4+ 28. Rg3 Ne7 29. Bxb7 Rb8 30. Bd5 Nxd5 31. exd5 e4 32. Qd2 Qxd2 33. Rxd2 e3 34. Rd1 e2 35. Re1 Rc8 36. Rg6 Rxg6 37. hxg6 Kg8 38. Kg3 Rxc3 39. h4 Kf8 40. Kf4 Rd3 41. Rc1 Rd1 0-1

[Event "Chorzow op 45th"]
[Site "Chorzow"]
[Date "2009.03.29"]
[Round "2"]
[White "Czornik, Adam"]
[Black "Skrzyczek, Tomasz"]
[Result "0-1"]
[WhiteElo "1770"]
[BlackElo "2027"]
[PlyCount "142"]
[EventDate "2009.03.28"]
[EventType "swiss"]
[EventRounds "9"]
[EventCountry "POL"]
[SourceTitle "CBM 129 Extra"]
[Source "ChessBase"]
[SourceDate "2009.05.05"]
[SourceVersion "2"]
[SourceVersionDate "2009.05.20"]
[SourceQuality "1"]

1. e4 c5 2. Nf3 e6 3. d4 cxd4 4. Nxd4 Nc6 5. Nc3 Qc7 6. Be3 Nf6 7. f3 a6 8. Be2 Bb4 9. 0-0 Bxc3 10. bxc3 d5 11. Nxc6 bxc6 12. exd5 cxd5 13. Qd4 0-0 14. Bf4 Qc6 15. Be5 Ne8 16. Bd3 f6 17. Bg3 e5 18. Qh4 g6 19. c4 Be6 20. cxd5 Bxd5 21. c4 Be6 22. Be4 Qc8 23. Bxa8 Qxa8 24. Bf2 g5 25. Qe4 Qxe4 26. fxe4 Bxc4 27. Rfc1 Bd3 28. Re1 Ng7 29. Re3 Bb5 30. a4 Bc6 31. a5 Rd8 32. Rc1 Bb5 33. Rec3 Ne6 34. Rc8 Rxc8 35. Rxc8+ Kg7 36. Rc1 Nf4 37. Rc7+ Kg6 38. Be3 Bd3 39. g3 Ne6 40. Rc6 Kf7 41. Kf2 h5 42. Ba7 g4 43. Ke3 Bb5 44. Rd6 Ng5 45. Rd2 Nf3 46. Rb2 Ke6 47. Rxb5 axb5 48. Bb8 Kd7 49. a6 Kc6 50. a7 Kb7 51. h3 Ng5 52. hxg4 hxg4 53. a8Q+ Kxa8 54. Bd6 Kb7 55. Be7 Nh7 56. Kd3 Kc6 57. Kc3 Kd7 58. Bc5 Ng5 59. Kd3 Ne6 60. Bb4 Nd4 61. Bf8 Ke6 62. Bc5 f5 63. exf5+ Nxf5 64. Bf2 Kd5 65. Kc3 Ke4 66. Kb4 Kf3 67. Be1 Nxg3 68. Kxb5 Ne2 69. Kc4 g3 70. Ba5 g2 71. Bb6 Nd4 0-1

[Event "POL-chT3 Slaskie"]
[Site "Poland"]
[Date "2008.02.19"]
[Round "3.1"]
[White "Skrzyczek, Tomasz"]
[Black "Gola, Karol"]
[Result "1/2-1/2"]
[WhiteElo "2024"]
[BlackElo "2154"]
[PlyCount "74"]
[EventDate "2008.02.03"]
[EventType "team-swiss"]
[EventRounds "9"]
[EventCountry "POL"]
[SourceTitle "EXT 2019"]
[Source "ChessBase"]
[SourceDate "2018.10.10"]
[SourceVersion "1"]
[SourceVersionDate "2018.10.10"]
[SourceQuality "1"]

1. e4 c5 2. Nf3 e6 3. d4 cxd4 4. Nxd4 a6 5. Bd3 Bc5 6. Nb3 Ba7 7. c4 d6 8. 0-0 Nf6 9. Nc3 Nc6 10. Bg5 h6 11. Bh4 g5 12. Bg3 h5 13. h3 h4 14. Bh2 Rg8 15. Be2 e5 16. Bg4 Bxg4 17. hxg4 Qd7 18. Nd5 Nxd5 19. cxd5 Nd4 20. Nxd4 Bxd4 21. Rb1 Rc8 22. Kh1 Ke7 23. f3 f6 24. Bg1 Bxg1 25. Rxg1 Rc4 26. b3 Rc3 27. Qd2 Rgc8 28. Rbc1 Qc7 29. Rxc3 Qxc3 30. Rd1 Kd7 31. Kg1 Qxd2 32. Rxd2 Rc1+ 33. Kh2 a5 34. g3 hxg3+ 35. Kxg3 Rg1+ 36. Kf2 Rh1 37. Kg2 Rc1 1/2-1/2